Nations in the 1896 Summer Olympics - Statistics

General Stats
  • This quiz has been taken 68 times
  • The average score is 13 of 14
Answer Stats
Hint Answer % Correct
Oceania Australia
100%
Europe France
100%
Europe Germany
100%
America United States
100%
Europe Austria
98%
Europe Great Britain
98%
Europe Greece
98%
Europe Denmark
96%
Europe Sweden
96%
Europe Italy
95%
Europe Hungary
93%
Europe Switzerland
93%
Europe Bulgaria
82%
America Chile
75%
No matching quizzes found
Score Distribution
Percent of People with Each Score
Percentile by Number Answered
Your Score History
You have not taken this quiz